City branding και βιώσιμη ανάπτυξη : η περίπτωση των πολιτιστικών διαδρομών
Αποθηκεύτηκε σε:
| Κύριος συγγραφέας: | |
|---|---|
| Άλλοι συγγραφείς: | |
| Μορφή: | Βιβλίο |
| Γλώσσα: | Greek |
| Δημοσίευση: |
Αθήνα :
Παπαζήσης,
2018.
|
| Σειρά: | Βιβλιοθήκη τουριστικών επιστημών
|
| Θέματα: | |
| Ετικέτες: |
Προσθήκη ετικέτας
Δεν υπάρχουν, Καταχωρήστε ετικέτα πρώτοι!
|
MARC
| LEADER | 00000cam a2200000 a 4500 | ||
|---|---|---|---|
| 001 | 1/120785 | ||
| 008 | 200203s2018####gr | ||| |||| ||gre|| | ||
| 020 | |a 9789600234381 | ||
| 040 | |a GR-MyUa |b gre |c GR-MyUa |e AACR2 | ||
| 041 | 0 | |a gre | |
| 082 | 7 | |a 910.688 |2 (23) | |
| 100 | 1 | |a Μητούλα, Ρόιδω. | |
| 245 | 1 | 0 | |a City branding και βιώσιμη ανάπτυξη : |b η περίπτωση των πολιτιστικών διαδρομών / |c Ρόιδω Κ. Μητούλα, Παναγιώτης Α. Καλδής. |
| 260 | |a Αθήνα : |b Παπαζήσης, |c 2018. | ||
| 300 | |a 353 σ. : |b εικ. ; |c 24 εκ. | ||
| 490 | 1 | |a (Βιβλιοθήκη τουριστικών επιστημών) | |
| 504 | |a Βιβλιογραφία: σ. [335]-353. | ||
| 650 | 0 | |a Place marketing. | |
| 650 | 0 | |a Sustainable development. | |
| 650 | 0 | |a City promotion. | |
| 650 | 0 | |a Heritage tourism. | |
| 700 | 1 | |a Καλδής,Παναγιώτης. | |
| 830 | 0 | |a Βιβλιοθήκη τουριστικών επιστημών | |
| 852 | |a INST |b SYROS |c EUDOXUS |e 20200203 |h 910.688 ΜΗΤ |p 005500013864 |q 005500013864 |t EDX |y 4 |x 20200203 | ||
| 920 | |a Εύδοξος |b Παραγγελία |y Σύρος-ΤΜΣΠΣ |z 2019-05 | ||
| 970 | |a Κοντού |b Παρασκευή |z 03/02/2020 | ||